Countries With The Best Cuisine 2025 - Statistics

General Stats
  • This quiz has been taken 57 times
  • The average score is 23 of 30
Answer Stats
Rank # Answer % Correct
10 China
98%
8 France
98%
9 Japan
96%
12 India
94%
2 Italy
94%
23 Germany
92%
13 United States
92%
3 Mexico
91%
16 Brazil
89%
1 Greece
89%
28 Thailand
89%
25 Argentina
87%
4 Spain
87%
22 South Korea
85%
19 Vietnam
85%
6 Turkey
79%
7 Indonesia
77%
5 Portugal
77%
18 Colombia
75%
14 Peru
74%
11 Poland
74%
20 Hungary
70%
17 Croatia
64%
24 Romania
58%
26 Lebanon
55%
15 Serbia
51%
27 Czechia
49%
21 Algeria
47%
29 Georgia
40%
30 Tunisia
36%
No matching quizzes found
Score Distribution
Percent of People with Each Score
Percentile by Number Answered
Your Score History
You have not taken this quiz